| 000 | 00000nam##2200000za#4500 |
| 001 | 9.597393 |
| 003 | CaOODSP |
| 005 | 20210624204027 |
| 007 | cr ||||||||||| |
| 008 | 150406|2008||||xxc|||||o f|0| 0 fre|d |
| 040 | |aCaOODSP|bfre |
| 043 | |an-cn--- |
| 086 | 1 |aYM32-6/08-28F-PDF |
| 245 | 03|aLe statut d'immigrant et le droit reconnu par la loi à des services de santé assurés / |h[ressource électronique]|c[Par] Sandra Elgersma. |
| 260 | |aOttawa - Ontario : |bBibliothèque du Parlement. |cLe 28 octobre 2008. |
| 300 | |a15p.|btableau |
| 490 | 1 |a[Les études générales modulaires]|vPRB 08-28F |
| 590 | |a09-20|b2009-05-15 |
| 691 | 07|aImmigration|2gcpds |
| 710 | 1 |aCanada.|bBibliothèque du Parlement. |bService de recherche. |
| 720 | 1 |aElgersma, Sandra |
| 775 | 08|tImmigration status and legal entitlement to insured health services / |w(CaOODSP)9.565909 |
| 830 | #0|a[Les études générales modulaires]|vPRB 08-28F|w(CaOODSP)9.501321 |
| 856 | 40|ahttp://publications.gc.ca|qPDF|s287 Ko|uhttps://publications.gc.ca/collections/collection_2009/bdp-lop/prb/prb0828-f.pdf|yPRB 08-28F |